| 000 | 00873cam a22002531 4500 | ||
|---|---|---|---|
| 001 | 23948 | ||
| 003 | BD-RjUL | ||
| 005 | 20211209001005.0 | ||
| 008 | 140312r19521949enkab 001 0 eng | ||
| 035 | _a(BD-RjUL)24013 | ||
| 040 |
_aDLC _cDLC _dDLC _dBD-RjUL _beng |
||
| 041 | _aeng | ||
| 082 | 0 | 0 |
_a942 _bTRI 1952 |
| 100 | 1 |
_aTrevelyan, G. M., _d1876-1962. _973734 |
|
| 245 | 1 | 0 |
_aIllustrated English social history / _cBy G. M.Trevelyan; Illus. selected by Ruth C. Wright. _nVOLUME ONE : _pChaucer's England and the early Tudors. |
| 260 |
_aLondon ; _aNew York : _bLongmans, Green, _c1949 [Impression 1952]. |
||
| 300 |
_axvi, 175 p. : _billus. (part col.) map. ; _c23 cm. |
||
| 504 | _aIncludes index. | ||
| 651 | 0 |
_aGreat Britain _xHistory. _973735 |
|
| 651 | 0 |
_aEngland _xSocial conditions. _973736 |
|
| 942 |
_2ddc _cBK |
||
| 999 |
_c23948 _d23948 |
||